Mario Odyssey Captures - Statistics

General Stats
  • This quiz has been taken 24 times
  • The average score is 21 of 52
Answer Stats
Hint Answer % Correct
12 Goomba
87%
48 Bowser
80%
04 Chain Chomp
80%
07 T-Rex
80%
09 Bullet Bill
67%
01 Frog
67%
39 Hammer Bro
67%
37 Lava Bubble
60%
52 Yoshi
60%
06 Broode's Chain Chomp
53%
11 Cactus
53%
18 Cheep Cheep
53%
22 Fire Bro
53%
03 Paragoomba
53%
31 Taxi
53%
28 Tropical Wiggler
53%
49 Letter
47%
25 Tree
47%
46 Banzai Bill
40%
05 Big Chain Chomp
40%
42 Pokio
40%
32 RC Car
40%
02 Spark Pylon
40%
38 Volbonan
40%
26 Boulder
33%
44 Bowser Statue
33%
41 Fire Piranha Plant
33%
15 Glydon
33%
16 Lakitu
33%
30 Manhole
33%
40 Meat
33%
45 Parabones
33%
29 Pole
33%
23 Sherm
33%
34 Shiverian Racer
33%
33 Ty-Foo
33%
08 Binoculars
27%
35 Cheep Cheep (Snow Kingdom)
27%
24 Coin Coffer
27%
36 Gushen
27%
13 Knucklotec's Fist
27%
27 Picture Match Part (Goomba)
27%
51 Picture Match Part (Mario)
27%
20 Poison Piranha Plant
27%
19 Puzzle Part (Lake Kingdom)
27%
21 Uproot
27%
17 Zipper
27%
47 Chargin' Chuck
20%
43 Jizo
20%
14 Mini Rocket
20%
10 Moe-Eye
20%
50 Puzzle Part (Metro Kingdom)
20%
No matching quizzes found
Score Distribution
Percent of People with Each Score
Percentile by Number Answered
Your Score History
You have not taken this quiz